| 000 | 00501nam a2200181Ia 4500 | ||
|---|---|---|---|
| 008 | 160114s9999 xx 000 0 und d | ||
| 020 | _a0-717257711 | ||
| 050 | _a745.5 | ||
| 050 | _b.C885 2003 | ||
| 100 | _aSkillicorn, Helen. | ||
| 245 |
_aGhostly Book / _cHelen Skillicorn. |
||
| 260 |
_aDanbury : _bGrolier. _c2003 |
||
| 300 |
_a32 pages; _bcol. Illustrations, _c28 cm. |
||
| 440 | _aCrafts for Kids | ||
| 500 | _a Includes index. | ||
| 650 | _aHandicrafts-- | ||
| 650 | _xJuvenile literature. | ||
| 999 |
_c290308 _d290308 |
||